Normal view
MARC view
Entry Personal Name
001 - CONTROL NUMBER
- control field: 5374
003 - CONTROL NUMBER IDENTIFIER
- control field: AM-YEHGA
005 - DATE AND TIME OF LATEST TRANSACTION
- control field: 20250617070459.0
008 - FIXED-LENGTH DATA ELEMENTS
- fixed length control field: 140527|| aca||aabn | a|a d
040 ## - CATALOGING SOURCE
- Original cataloging agency: AM-YEHGA
100 ## - HEADING--PERSONAL NAME
- Personal name: Մելիք-Հարությունյան, Գ.
- Relator term: թարգմ.
670 ## - SOURCE DATA FOUND
- Source citation: 74900: Բ.-Գ.Կ.Բ. հրետազորի ժամանակավոր մարտական կանոնագիրք :, 1925.
ՀՀ Գիտությունների ազգային ակադեմիայի հիմնարար գիտական գրադարան = Fundamental Scientific Library of NAS RA
All site content, except where otherwise noted, is licensed under a